000 00813nam a2200253 a 4500
001 65999
003 BD-RjUL
005 20211209081505.0
008 170313s1960 nyua b 001 0 engmd
035 _a(BD-RjUL)66129
040 _aBD-RjUL
_cBD-RjUL
_dBD-RjUL
_beng
041 _aeng
082 _223
_a572
_bMCS 1960
100 1 _aMcManus, J. F. A.
_q(Joseph Forde Anthony),
_d1911-
_9195220
245 1 0 _aStaining methods :
_bhistologic and histochemical /
_cJ.F.A. McManus and Robert W. Mowry.
260 _a :New York
_bHoeber,
_c1960.
300 _a423 p. :
_bill. ;
_c25 cm.
504 _aIncludes bibliography and index
650 0 _aHistochemistry
_9195221
650 0 _aStains and staining (Microscopy)
_9195222
650 0 _aHistology.
_9195223
700 1 _aMowry, Robert W.
_9195224
942 _2ddc
_cBK
999 _c65999
_d65999